Nanoparticles assisted phytoremediation for the removal of lead and cadmium from contaminated soil (Record no. 393589)

MARC details
000 -LEADER
fixed length control field 00553nam a22001817a 4500
005 - DATE & TIME
control field 20251016105925.0
008 - FIXED-LENGTH DATA ELEMENTS--GENERAL INFORMATION
fixed length control field 251016b |||||||| |||| 00| 0 eng d
040 ## - CATALOGING SOURCE
Original cataloging agency VIVEKANANDA LIBRARY
082 ## - DDC NUMBER
Classification number 363.7
Book Number D612N
100 ## - MAIN ENTRY--PERSONAL NAME
Personal name Dinesh
245 ## - TITLE STATEMENT
Title Nanoparticles assisted phytoremediation for the removal of lead and cadmium from contaminated soil
260 ## - PUBLICATION, DISTRIBUTION, ETC. (IMPRINT)
Name of publisher, distributor, etc Department of Environmental Science, M D University, Rohtak
Date of publication, distribution, etc 2025
300 ## - PHYSICAL DESCRIPTION
Pages xvii, 159
650 ## - Subject
Subject Environmental Science
650 ## - Subject
Subject Phytoremediation
700 ## - Added Entry Personal Name
Added Entry Personal Name Sunil Kumar
942 ## - ADDED ENTRY ELEMENTS (KOHA)
Koha item type Thesis
Holdings
Withdrawn status Lost status Source of classification or shelving scheme Damaged status Not for loan Location (home branch) Sublocation or collection (holding branch) Shelving location Date acquired Koha issues (times borrowed) Koha full call number Accession No. Koha date last seen Copy number Koha item type
    Dewey Decimal Classification     VIVEKANANDA LIBRARY VIVEKANANDA LIBRARY Vivekananda Library 16/10/2025   363.7 D612N 411146 16/10/2025 R Thesis
© Designed and Maintained by Vivekananda Library, MDU Rohtak